<?xml version="1.0" encoding="UTF-8"?>
<record
    xmlns:xsi="http://www.w3.org/2001/XMLSchema-instance"
    xsi:schemaLocation="http://www.loc.gov/MARC21/slim http://www.loc.gov/standards/marcxml/schema/MARC21slim.xsd"
    xmlns="http://www.loc.gov/MARC21/slim">

  <leader>01112    a2200169   4500</leader>
  <controlfield tag="003">Nust</controlfield>
  <controlfield tag="005">20221202110602.0</controlfield>
  <datafield tag="040" ind1=" " ind2=" ">
    <subfield code="c">Nust</subfield>
  </datafield>
  <datafield tag="082" ind1=" " ind2=" ">
    <subfield code="a">539.3,SMY</subfield>
  </datafield>
  <datafield tag="100" ind1=" " ind2=" ">
    <subfield code="a"> Smyth, Henry De Wolf,</subfield>
    <subfield code="9">103989</subfield>
  </datafield>
  <datafield tag="245" ind1=" " ind2=" ">
    <subfield code="a">Atomic energy for military purposes / </subfield>
    <subfield code="c"> Henry DeWolf   Smyth</subfield>
  </datafield>
  <datafield tag="260" ind1=" " ind2=" ">
    <subfield code="a">Princeton,</subfield>
    <subfield code="b"> Princeton Univ. Press,</subfield>
    <subfield code="c"> 1948 [c1945]</subfield>
  </datafield>
  <datafield tag="300" ind1=" " ind2=" ">
    <subfield code="a">vii, 308 p.</subfield>
    <subfield code="b">illus. 20 cm.</subfield>
  </datafield>
  <datafield tag="505" ind1=" " ind2=" ">
    <subfield code="a">Introduction (Page-1), Statement Of The Problem (Page-31), Administrative History Upto December 1941 (Page-45), Progress Upto December 1941 (Page-55), Administrative History 1942-1945 (Page-75), The Metallurgical Project At Chicago In 1942 (Page-88), The Plutonium Production Problem As Of February 1943 (Page-108), The Plutonium Problem, January 1943 To June 1945 (Page-130), General Discussion Of The Separation Of Isotopes (Page-154), The Separation Of The Uranium Isotopes By Gaseous Diffusion (Page-172), Electromagnetic Separation Of Uranium Isotopes (Page-187), The Work On The Atomic Bomb (Page-206), General Summary (Page-223).</subfield>
  </datafield>
  <datafield tag="650" ind1=" " ind2=" ">
    <subfield code="a">Atomic  energy</subfield>
    <subfield code="9">103961</subfield>
  </datafield>
  <datafield tag="942" ind1=" " ind2=" ">
    <subfield code="2">ddc</subfield>
    <subfield code="c">BK</subfield>
    <subfield code="k">539.3,SMY</subfield>
  </datafield>
  <datafield tag="999" ind1=" " ind2=" ">
    <subfield code="c">184498</subfield>
    <subfield code="d">184498</subfield>
  </datafield>
  <datafield tag="952" ind1=" " ind2=" ">
    <subfield code="0">0</subfield>
    <subfield code="1">0</subfield>
    <subfield code="2">ddc</subfield>
    <subfield code="4">0</subfield>
    <subfield code="7">0</subfield>
    <subfield code="a">MCS</subfield>
    <subfield code="b">MCS</subfield>
    <subfield code="c">GEN</subfield>
    <subfield code="d">2016-12-12</subfield>
    <subfield code="o">539.3,SMY</subfield>
    <subfield code="p">MCS7241</subfield>
    <subfield code="r">2016-12-08</subfield>
    <subfield code="w">2016-12-12</subfield>
    <subfield code="y">BK</subfield>
    <subfield code="z">Almirah No.16, Shelf No.6</subfield>
  </datafield>
</record>
